| 000 | 00501nam a2200169Ia 4500 | ||
|---|---|---|---|
| 999 |
_c32828 _d32828 |
||
| 003 | OSt | ||
| 005 | 20200909103134.0 | ||
| 008 | 190216s9999||||xx |||||||||||||| ||und|| | ||
| 040 | _coclc | ||
| 082 |
_a539.7 _bEVA/A |
||
| 100 |
_aEvans, Robley D _94512 |
||
| 245 | 4 |
_aThe Atomic Nucleus / _cRobley D Evans |
|
| 260 |
_bTata Mcgraw Hill Publishing Company Ltd, _c1976. _aNew Delhi: |
||
| 300 | _a975p | ||
| 650 | _aAtomic Nucleus | ||
| 942 |
_cBK _2ddc _h539.7 _iEVA/A _k539.7 _mEVA/A |
||